A társadalom befolyása az államra
Elmentve itt :
| Szerző: | |
|---|---|
| Adatforrás: | Philobibl |
| Forrásdokumentuma: | Magyar Philosophiai Szemle/5. évf 1886., 134-148. p. |
| Dokumentumtípus: | Cikk |
| Nyelv: | magyar |
| LEADER | 00358nab a2200109 c 4500 | ||
|---|---|---|---|
| 001 | bibDOK00010787 | ||
| 005 | 20200924120626.8 | ||
| 008 | 060518s1886 hu hun | ||
| 100 | 1 | |a Bokor József | |
| 245 | 1 | 2 | |a A társadalom befolyása az államra |c Bokor József |
| 500 | |a Előzmény: 5. évf. 1885. 33-43. pp. | ||
| 773 | 0 | |t Magyar Philosophiai Szemle/5. évf |g 1886., 134-148. p. | |